[Event "RUS-ch 53rd"]
[Site "Samara"]
[Date "2000.06.18"]
[Round "2"]
[White "Tregubov, Pavel V"]
[Black "Aseev, Konstantin N"]
[Result "0-1"]
[WhiteElo "2615"]
[BlackElo "2517"]
[Annotator "Gershon,A"]
[PlyCount "84"]
[EventDate "2000.06.03"]
[EventType "swiss"]
[EventRounds "11"]
[EventCountry "RUS"]
[SourceTitle "CBM 078"]
[Source "ChessBase"]
[SourceDate "2000.10.18"]
[SourceVersion "1"]
[SourceVersionDate "2000.10.18"]
[SourceQuality "1"]

1. d4 Nf6 2. c4 e6 3. Nf3 b6 4. g3 Ba6 5. Nbd2 c5 6. Bg2 Nc6 7. Ne5 Nxd4 8. e3
(8. Bxa8 $143 $6 {It's advisable to force the knight to a worse position.} Qxa8
9. O-O Be7 10. b3 d6 11. Nef3 Nxf3+ 12. Nxf3 Qc6 13. Bb2 Bb7 14. h3 O-O 15. Qc2
Ne4 16. Kh2 f5 $15 {1/2-1/2 Vladimirov,E-Dautov,R/Frunze 1988/TD (47)}) 8...
Nf5 9. Qa4 $1 (9. Bxa8 Qxa8 10. O-O {A very risky move. To castle short with
such a weak diagonal, it takes some guts!} Bd6 11. Nef3 h5 (11... Qc6 $5 {
[%cal Ga6b7] should be considered}) 12. Re1 Ne4 13. Nxe4 Qxe4 14. Nd2 Qc6 15.
b3 h4 16. Qf3 hxg3 17. hxg3 Bb7 18. Qxc6 Bxc6 19. e4 Nd4 $13 {1-0 Hertneck,
G-Dautov,R/Bad Wiessee 1997/CBM 61 ext (63)}) 9... Qc8 10. Bxa8 Qxa8 11. Rg1
Bc8 12. b3 Ne4 13. Bb2 Nxd2 14. Kxd2 f6 {Amazingly enough, but only this is a
new move.The players are following the game Timman-Dautov, obviously having
different views on that game. However, I think black has more than sufficient
compensation for the sacrifised material.Deeper views on this position one can
find in the annotations to the above-mentioned game.} (14... Be7 15. Rad1 f6
16. Nd3 Bb7 17. Kc1 Bc6 18. Qa6 O-O 19. h4 Rb8 20. h5 b5 21. g4 Nh4 $2 {
The knight is out of play on h4} (21... Nd6 $142 $44) 22. g5 fxg5 23. Ne5 Rb6
24. Qa5 Qb7 25. Nxc6 dxc6 26. Qc3 Bf6 27. Qd3 $16 e5 $4 28. Bxe5 {1-0 Timman,
J-Dautov,R/Forchheim GER 2000/The Week in Chess 280 (28)}) 15. Nd3 Bb7 16. Rad1
Bc6 (16... Bf3 $5 17. Rde1 Bc6 18. Qa6 {Another possibility. According to
one's plans black can choose whether to place the bishop on c6 or f3}) 17. Qa6
Bf3 {Aseev wants to have white's rook on e1 where it's more passive, and the
bishop paralizes white's pieces to some extent.} 18. Rde1 Be7 19. Kc1 O-O {
[%csl Ra6,Re1,Gf3][%cal Gf5d6,Gd6e4,Gd7d5] White's biggest problem in the
position is, of course, the ugly placing of his Q, apart from that he seems to
be lacking an active plan, since any advance of the K side pawns will hand
black active pieces new objects for attacks.} 20. Nf4 $2 {An important loss of
time} (20. g4 Nd6 21. h4 Ne4 22. Qa3 {[%cal Gb2a1,Ga3b2]} (22. Qa4 Qb7 23. g5
a6 24. gxf6 Bxf6 25. Bxf6 Rxf6 26. Ne5 b5 27. Qa5 d6 $17) (22. g5 fxg5 23. hxg5
Bxg5 $15) 22... Bd6 $17) (20. Qa3 $142 {probably the best is to try and get
the Q back into the game}) 20... Nd6 21. g4 Ne4 22. Nd3 Bd6 23. h4 Bh2 $17 {
The exchange is won back, but the positional pluses are left intact.} 24. Rgf1
Bg2 25. f4 (25. f3 Bxf1 26. Rxf1 Ng3 27. Rf2 (27. Re1 Qxf3 $19) 27... Bg1 28.
Rg2 Qxf3 $19) 25... Bg3 (25... Bxf1 26. Rxf1 d5 $17) 26. Rg1 (26. Rd1 Bxf1 27.
Rxf1 Bxh4 $19) 26... Nf2 $1 (26... Bxe1 27. Nxe1 Bh3 $17) 27. Nxf2 Bxf2 28. Bc3
Qb7 $2 {I have a hard time understanding this move. With white Q being out of
game, and the K being so week, the last thing black should do is consider
going into an ending with opposite color bishops, of course, he has a big
advantage there too} (28... Bxe1 29. Rxe1 Qe4 $1 30. Qa3 (30. Qxa7 $140 Qd3 31.
Kb2 Be4 $19) 30... d5 31. cxd5 exd5 $19) (28... Bxg1 $143 29. Rxg1 Qe4 30. Kb2)
29. Qxb7 Bxb7 30. g5 Bxe1 31. Rxe1 fxg5 32. hxg5 Be4 $1 {[%cal Gd7d5] Here the
bishop is excellentely placed controlling virtually the whole board.} 33. Be5
d5 34. Rd1 Rd8 {Black wants to cosolidate first, and then, after the king is
better placed(one of the main ideas is to penetrate with the king to f3) , to
advance h7-h5 with a winning position.} ({a natural idea to create a passed
pawn doesn't work, of course.} 34... h5 $2 35. gxh6 gxh6 36. Rg1+ Kf7 $8 37.
Rg7+ Ke8 38. Rxa7 $11) 35. Kb2 Kf7 36. Kc3 Rd7 37. a3 a5 38. b4 $2 {Creating
another file for black to penetrate through.White was better off waiting.} (38.
Rd2) 38... axb4+ 39. axb4 Ra7 $1 $19 40. bxc5 bxc5 41. Kb3 Kg6 {[%csl Re3]
[%cal Gg6f5,Gf5g4,Gg4f3]} 42. Bd6 $4 {A blunder in a difficult position} Rd7 (
42... Rd7 43. Bxc5 dxc4+ {[%csl Rd1]}) 0-1

[Event "Belgrade olympia hopes"]
[Site "Belgrade"]
[Date "2002.06.30"]
[Round "5"]
[White "Zivanic, Marko"]
[Black "Kovacevic, Aleksandar"]
[Result "0-1"]
[WhiteElo "2450"]
[BlackElo "2547"]
[Annotator "Gershon,A"]
[PlyCount "72"]
[EventDate "2002.06.26"]
[EventType "schev"]
[EventRounds "5"]
[EventCountry "YUG"]
[SourceTitle "CBM 091"]
[Source "ChessBase"]
[SourceDate "2002.11.12"]
[SourceVersion "1"]
[SourceVersionDate "2002.11.12"]
[SourceQuality "1"]

1. d4 Nf6 2. c4 e6 3. Nf3 b6 4. g3 Ba6 {One of the popular positions,where
last word hasn't been said yet.The theory finds some new ideas here almost
every week.The possible moves for white here are : 4.b3, 4.Qa4, 4.Qb3 and text.
For a while 4.b3 was considered here as the main line,but with the time black
found the right plan and white started looking for advantage in other lines
such as the one in the game.} 5. Nbd2 Bb4 {Main line.This way black manages to
prevent white's e4.} (5... c6 $6 {Another move which was tried here,but
without any success.} 6. Bg2 Be7 7. O-O O-O 8. b3 d5 9. Ne5 Nfd7 10. Nd3 Nf6
11. Bb2 Nbd7 12. e4 $14 {1-0 Boensch,U-Votava,J/Berlin 1996/CBM 55/[Baburin] 
(40) White easily achieved much better position.}) 6. Qc2 (6. e3 $5 {A novelty
by Tregubov,which didn't find any real believers.} O-O 7. a3 Bxd2+ (7... Be7 $5
8. Bg2 d5 9. Ne5 Nfd7 $11) 8. Qxd2 Nc6 {[%cal Gc6a5]} 9. b4 Bb7 10. Bg2 e5 $2
11. d5 e4 12. dxc6 exf3 13. cxb7 {1-0 Tregubov,P-Ravi,L/Ubeda 2000/CBM 75 (13)}
) 6... Bb7 (6... O-O {This continuation doesn't promise black the equalization.
} 7. Bg2 d5 8. O-O Bxd2 9. Nxd2 Nc6 10. e3 Qe7 11. b3 Rac8 12. Re1 Rfd8 13. Qc3
$14 {1-0 Ehlvest,J-Kortschnoj,V/Groningen 1993/CBM 39 (61)}) 7. Bg2 Be4 (7...
O-O $5) 8. Qb3 Bxd2+ (8... a5 $5) 9. Bxd2 O-O (9... d6 10. O-O Nbd7 11. Nh4
Bxg2 12. Nxg2 c5 13. d5 e5 14. Rae1 Ne4 15. Bc1 f5 16. f3 Nef6 17. Qc2 g6 18.
Bh6 $16 {Tuominen,R-Veingold,A/Turku 1996/1-0 (64)}) 10. O-O d6 {This is the
start position for opponents.Until now both played the best moves and now
white must choose his plan.Lets try to take a closer look at the position.
White: Has a pare of bishops and intends to open up the position.For this
purpose he would like to advance e4 as quick as possible without exchanging
the light-squared bishops. Black on the other hand has a very solid setup and
his plan should be playing on the Qside by pushing a5-a4 or in some variations
e5 or c5 could be convenient.} 11. Qe3 {White has 4 different moves in this
position,but most of them serve the same goal.} (11. Rfd1 Nbd7 (11... Qe7 {N}
12. Qe3 $1 $14 Nbd7 13. Bc3 Rfe8 14. Rac1 h6 15. b3 Rac8 $2 16. Bh3 $1 c6 (
16... Bb7 17. d5 e5 18. Nh4 $16) 17. Bb2 Rc7 18. Nd2 Bg6 19. Nb1 $1 {/\ Nc3, d5
} a6 20. Bg2 Rec8 21. Ba3 $1 $16 {1-0 Karpov,A-Andersson,U/Reggio Emilia 1991 
(35)}) 12. Rac1 Re8 (12... h6 13. Qa3 a5 14. b3 Qe7 15. Ne5 Bxg2 16. Kxg2 Nc5
17. Nf3 Nce4 18. Be1 Nh7 $11 {De Boer,G-Van der Wiel,J/NLD-ch Hilversum 1988/
0-1 (61)}) 13. Be1 Qe7 14. Qe3 a5 15. Bf1 Bb7 16. Nh4 Qf8 17. Qd3 e5 $11 {
0-1 Sakaev,K-Adams,M/Halkidiki GRE 2002/The Week in Chess 412 (51)}) (11. Qa3
$6 Nbd7 12. Rac1 Qe7 13. Rfd1 Rfe8 (13... a5 14. Bh3 (14. h3 Rfe8 15. Be3 e5
16. Qc3 exd4 17. Bxd4 c5 18. Bxf6 Nxf6 19. Qb3 Qc7 $11 {Van Wely,L-Balashov,Y/
BL2-W 1993/1-0 (55)}) 14... h6 15. Ne5 $14 {1/2-1/2 Topalov,V-Ljubojevic,L/
Monte Carlo 2001/CBM 81 ext (41)}) 14. b4 $5 e5 15. c5 dxc5 16. dxc5 bxc5 17.
bxc5 h6 18. Ba5 Nb8 $11 {[%cal Gb8c6] 0-1 Romanishin,O-Timman,J/Taxco 1985/IZT
(74)}) (11. Bg5 Nbd7 12. Qe3 $146 Qe8 $11 {1/2-1/2 Ftacnik,L-Timman,J/Pula
1997/CBM 57 ext/[Avrukh,B] (27)} (12... h6 $6 13. Qxe4 $1 Nxe4 14. Bxd8 Raxd8
15. Rfd1 $14)) 11... Nbd7 12. Bc3 a5 13. Rfd1 c6 {[%cal Gb6b5,Gd6d5]} (13...
Qb8 14. Nh4 {1/2-1/2 Mikhalchishin,A-Garcia Gonzales,G/Havana 1982/MCD (14)})
14. Bf1 {White keeps on his plan Nd2 and e4.} h6 15. Nd2 Bg6 16. f3 b5 $1 $11 {
Exactly on time.} 17. b3 (17. cxb5 $6 cxb5 $15 {[%cal Gf6d5,Gb5b4]}) 17... d5 (
17... a4 $5 18. Qf2 {[%cal Ge2e4]} d5 19. cxb5 cxb5 20. Bb4 Re8 $11) 18. Qf2
Qe7 {[%csl Rb4][%cal Ga5a4,Ge7b4] Black solved the opening problems and white
must be aware since he is preparing e4 and it can become very tactical.} 19. a4
b4 20. Bb2 Rac8 $1 {Good place for the rook.In case of cxd5 the rook will be
already placed on the open file and in some variations preparing c5.} 21. Bh3 (
21. Re1 $14 {[%cal Ga1d1,Ge2e4]}) 21... Nh7 $5 {[%cal Gf7f5]} (21... Bf5 22.
Bg2 $14) 22. e4 $1 {now or never!} (22. Bg2 f5 {[%cal Gf8f2] Preventing e4 for
a long time.}) 22... f5 {[%csl Rb2,Rd2,Rh3]} 23. Qe3 {[%cal Ge4d5]} (23. exd5
$6 exd5 24. Re1 Qf7 25. cxd5 cxd5 26. Rac1 Ng5 27. Bg2 f4 $15) 23... Qg5 $6 (
23... fxe4 $5 24. fxe4 dxe4 25. Bg2 (25. Nxe4 Bxe4 26. Qxe4 Ng5 27. Qg2 Rf3 $15
{[%cal Gf3b3]}) 25... Qg5 $1 $13) 24. Qe1 (24. f4 $1 {It is so tempting,
unclear why white didn't play it?} Qh5 (24... Qf6 $6 25. e5 Qe7 26. Bg2 $16)
25. exd5 Qxh3 (25... exd5 26. Qe6+ Rf7 27. Bg2 Nhf8 28. Qe3 Nf6 {[%cal Gf6g4,
Gc8e8]} 29. Qd3 Ne4 30. Nf3 {[%cal Gf3e5] And white is clearly better.}) 26.
Qxe6+ Rf7 27. dxc6 Nb6 28. d5 $44 (28. c5 Nf8 29. Qe5 Na8 30. d5 $44)) 24...
Qh5 25. Bg2 $6 (25. exd5 $5 exd5 26. Qe6+ Rf7 27. Bg2 Ng5 28. Qd6 $14) 25...
fxe4 26. fxe4 Ng5 $132 27. Qe3 $4 {[%mdl 8192] Suddenly white slips and his
position gets lost.} (27. cxd5 $142 exd5 28. e5 {[%cal Ga1c1]} Nh3+ 29. Bxh3
Qxh3 30. Qe3 {[%cal Gd1f1] With nearly equal position.}) 27... Nf6 $19 {
[%cal Gf6g4]} 28. h4 $8 (28. Qe1 Nfxe4 29. h4 Rf2 $19) 28... Ng4 {Also good,
but seems like 28...Nge4 was just a little bit quicker.} (28... Ngxe4 $1 29.
Nxe4 Bxe4 30. Bh3 Ng4 31. Qe1 Rf3 $19) 29. Qe1 (29. Qe2 Rf2 $19) 29... dxe4 $1
{[%csl Gf3][%cal Gg5f3]} 30. Nxe4 Nf3+ $6 {Not the best.} (30... Bxe4 $1 31.
Bxe4 Rf2 {[%cal Gg5h3,Gf2h2]} 32. Bg2 Rxb2 $19) 31. Bxf3 Rxf3 {Despite the 30
move black still keeps most of what he gained due to white's mistake on 27
move.} 32. Nd6 {White had nothing better.} Rcf8 {[%csl Rg1]} 33. Rd2 Ne3 {
[%cal Gh5g4] White is complitely helpless and the game ends very quickly.} 34.
d5 Qg4 35. Be5 Qh3 {[%cal Gf3f1]} 36. Bf4 R8xf4 (36... R8xf4 37. gxf4 Qg4+ {
[%cal Gf3h3]}) 0-1

[Event "Linares 20th"]
[Site "Linares"]
[Date "2003.02.23"]
[Round "2"]
[White "Vallejo Pons, Francisco"]
[Black "Anand, Viswanathan"]
[Result "1/2-1/2"]
[WhiteElo "2629"]
[BlackElo "2753"]
[Annotator "Gershon,A"]
[PlyCount "59"]
[EventDate "2003.02.22"]
[EventType "tourn"]
[EventRounds "14"]
[EventCountry "ESP"]
[EventCategory "20"]
[SourceTitle "CBM 094"]
[Source "ChessBase"]
[SourceDate "2003.05.26"]
[SourceVersion "1"]
[SourceVersionDate "2003.05.26"]
[SourceQuality "1"]

1. Nf3 Nf6 2. c4 b6 3. d4 e6 4. g3 Ba6 5. Qb3 Nc6 {other moves are:} (5... d5
$5 6. cxd5 Qxd5 (6... exd5 7. Nc3 $14) 7. Nc3 Qxb3 8. axb3 Bb7 9. Bg2 a5 10.
O-O Na6 11. Bf4 Bd6 12. Rfc1 O-O-O 13. Bxd6 Rxd6 14. e3 Bxf3 15. Bxf3 Nd5 {
1/2-1/2 Huzman,A-Kishnev,S/Halkidiki GRE 2002/The Week in Chess 412 (15)}) (
5... c6 $5 6. Bf4 (6. Nc3 d5 7. cxd5 exd5 8. Bg5 Be7 9. Bg2 (9. Bxf6 $1 Bxf6
10. e4 dxe4 11. Nxe4 O-O 12. O-O-O $36 {1-0 Bauer,C-Sokolov,A/Val d'Isere FRA
2002/The Week in Chess 408 (61)}) 9... O-O 10. O-O Nbd7 11. Rfe1 Re8 12. Rad1
Bb7 $11 {1/2-1/2 Bykhovsky,A-Gofshtein,Z/Tel Aviv ISR 2002/The Week in Chess
406 (18)}) 6... d5 7. cxd5 Nxd5 (7... cxd5 $2 8. Bxb8 $1 Bc4 9. Qa4+ $1 b5 10.
Qc2 Rxb8 11. b3 $18) 8. Bg5 Be7 9. Bxe7 Qxe7 10. Nbd2 O-O 11. e4 $14 {1/2-1/2
Topalov,V-Karpov,A/Dubai UAE 2002/The Week in Chess 387 (30)}) 6. Nbd2 d5 {
Anand is faithful to his line.} (6... Na5 $5 7. Qc3 {is another story}) 7. Bg2
(7. cxd5 exd5 8. Qa4 Bb7 9. Bg2 Bd6 10. O-O ({Kramnik tested:} 10. Nc4 dxc4 11.
Ne5 {but after:} Bxe5 (11... Bb4+ 12. Kf1 O-O 13. Nxc6 Qe8 14. Qxb4 Bxc6 15.
Qxc4 Bb5 16. Qc2 Rd8 17. a4 Ba6 18. b4 Rxd4 19. b5 Qe6 20. Bf3 Qh3+ 21. Kg1 Bc8
22. Bb2 Bf5 23. Qc3 Rd7 24. Bc6 Rdd8 25. Bg2 Qh5 26. Bf3 Qh3 27. Bg2 Qh6 28. h3
Rfe8 29. Bf3 Ne4 30. Qxc7 Rc8 31. Qf4 Qxf4 32. gxf4 Nd2 33. Kg2 Nxf3 34. exf3
f6 35. Rhc1 Rxc1 {1/2-1/2 Ivanchuk,V-Almasi,Z/Monte Carlo MNC 2003/The Week in
Chess 438 (35)}) 12. Bxc6+ Bxc6 13. Qxc6+ Kf8 14. dxe5 Qd5 $1 15. Qxd5 Nxd5 $11
{black has no problems 1/2-1/2 Kramnik,V-Leko,P/Monaco MNC 2002/The Week in
Chess 385 (37)}) 10... O-O 11. Nb1 Ne4 12. Bf4 Re8 13. Rc1 Bxf4 14. gxf4 Ne7
15. Nc3 Nf5 16. e3 c5 17. dxc5 Nxc5 18. Qd1 Qd6 19. b4 Ne6 $11 {1/2-1/2
Gelfand,B-Leko,P/Monaco 2002/CBM 87 ext (25). (24)}) (7. Qa4 Bb7 8. Bg2 (8. Ne5
Bd6 $1 9. Nxc6 Qd7 $15) 8... Qd7 9. cxd5 exd5 10. O-O Bd6 11. Nb1 Ne4 12. Ng5
Nxg5 13. Bxg5 Nd8 $1 {0-1 Khalifman,A-Anand,V/Prague 2002/CBM 89/[Gershon] (32)
}) 7... Bb7 (7... Qd7 8. Qa4 Bb7 9. O-O Bd6 10. cxd5 exd5 11. Nb1 Ne4 12. Be3
Ne5 $1 $11 {1/2-1/2 Gelfand,B-Grischuk,A/Moscow RUS 2002/The Week in Chess 410
(81)}) 8. O-O {Vallejo improves on their games from Dortmund, where he played
8.cxd5:} (8. cxd5 exd5 9. Ne5 a6 10. Nxc6 Bxc6 11. Nf3 Bd6 12. Ne5 Bxe5 13.
dxe5 Ne4 14. Qc2 Bb7 15. O-O O-O 16. Be3 Qe7 17. f3 Nc5 18. Bxc5 bxc5 19. f4 a5
20. Qb3 c6 21. Qa3 a4 22. Rac1 Ra5 23. e4 Ba8 24. Rfd1 {1/2-1/2 Vallejo Pons,
F-Anand,V/Germany 2002/EXT 2003 (24)}) 8... Bd6 9. cxd5 exd5 10. Nb1 {A
typical knight transfer. The knight is much better placed on c3, where he can
put pressure on d5 and does not block the way of the dark bishop.} O-O 11. Nc3
(11. Bg5 $5) 11... Na5 $1 {Winning an important tempo for h7-g4} 12. Qc2 h6 {
now the bishop on c1 has no good squares.} 13. Bf4 Bxf4 14. gxf4 c5 $6 {
Trying to expoint white's kingside weakening by striking in the center, but
white is better prepared for an open game.} ({a strong alternative, however,
was to keep the center closed:} 14... Nc4 $5 {[%cal Gc4d6,Yd6e4,Yd6f5]}) 15.
Rad1 Qe7 16. Ne5 {[%csl Rd5][%cal Gd4c5]} Rfd8 17. e3 Nc6 18. Qf5 {the 'g'
file will soon become a path for white rook to target the king.} Nb4 (18...
cxd4 19. Nxc6 Bxc6 20. Rxd4 $16) (18... Qe6 19. Qxe6 fxe6 20. Bh3 Re8 $14) 19.
Kh1 Rd6 20. a3 $1 Na6 $16 {black pieces are completely discoordinated, with
his knight trying to find a place to stay.} 21. Nb5 (21. Rg1 $143 cxd4 22. Rxd4
Nc5 $14 {[%cal Gc5e4]}) 21... Re6 22. Rg1 Nc7 23. Nxc7 Qxc7 {the unfortunate
knight is finally exchanged, but black is lacking and kind of active plan,
whereas white has an easy way to slowly improve his position.} 24. Bf3 cxd4 25.
Rxd4 Rae8 26. Qh3 Kh8 27. Rdd1 Qe7 28. Rg3 Rxe5 {Anand find the only possible
way to change the nature of the position.} 29. fxe5 Qxe5 30. b4 {and the
decision proves itself right: Vallejo offered a draw, in a clearly better
position.} (30. b4 Ne4 31. Bxe4 Bc8 (31... Qxe4+ 32. Qg2 $16) (31... dxe4 32.
Qd7 $16) 32. Qf1 dxe4 33. Qc4 Be6 34. Qd4 $16) 1/2-1/2

[Event "RUS-ch 53rd"]
[Site "Samara"]
[Date "2000.06.20"]
[Round "4"]
[White "Tregubov, Pavel V"]
[Black "Shaposhnikov, Evgeny"]
[Result "1-0"]
[WhiteElo "2615"]
[BlackElo "2503"]
[Annotator "Gershon,A"]
[PlyCount "37"]
[EventDate "2000.06.03"]
[EventType "swiss"]
[EventRounds "11"]
[EventCountry "RUS"]
[SourceTitle "CBM 078"]
[Source "ChessBase"]
[SourceDate "2000.10.18"]
[SourceVersion "1"]
[SourceVersionDate "2000.10.18"]
[SourceQuality "1"]

1. d4 Nf6 2. c4 e6 3. Nf3 b6 4. g3 Ba6 5. Nbd2 c5 6. e4 cxd4 7. e5 Ng4 8. h3
Nh6 9. Bg2 Nc6 10. O-O Nf5 (10... Be7 11. a3 O-O 12. b4 Bb7 13. Ne4 Nxb4 $2 (
13... Nf5 $5) 14. Nf6+ Bxf6 15. exf6 Nc6 16. Bg5 Qc7 17. Bxh6 (17. fxg7 Kxg7
18. Bxh6+ Kxh6 19. Qd2+ Kg7 20. Qg5+ Kh8 21. Qf6+ $11) 17... gxh6 18. Qd2 Kh8
19. Qxh6 Rg8 20. Ng5 Rxg5 21. Be4 Rxg3+ 22. fxg3 Qxg3+ 23. Kh1 {1-0 Hellsten,
J-Astrom,R/Ronneby 1998/EXT 99 (23)}) 11. a3 (11. Qa4 Bb7 12. Ne4 Na5 $5 (12...
h5 $143 $6 13. a3 Be7 14. Re1 Kf8 15. Bf4 f6 16. h4 Nh6 17. exf6 gxf6 18. Nd6
$16 {1-0 Maki Uuro,M-Lassila,E/Helsinki 1996/EXT 98 (47)}) 13. Qc2 Rc8 14. b3
Bc5 15. Bf4 O-O 16. g4 Ne7 17. h4 $6 {A bit too optimistic} Ng6 $1 18. Bg5 Be7
19. Nd6 Bxf3 20. Bxe7 Qxe7 21. Nxc8 Rxc8 22. Bxf3 Nxe5 $17 {[%csl Rg1,Rg4,Rh4]
0-1 Hellsten,J-Shipov,S/Gistrup 1997/EXT 98 (45)}) 11... Be7 (11... Rc8 $6 12.
Re1 (12. b4 Bb7 13. Ne4 $2 Nxb4 $1 $17) 12... Be7 13. b4 Bb7 14. Ne4 $1 h5 15.
Bf4 $16 {1-0 Nepomnishay,M-Geller,E/St Petersburg 1994/CBM 41/[Dautov] (24)}) (
11... Qc7 12. b4 Bb7 13. Ne4 h5 14. Bf4 a5 15. b5 Nd8 16. Nxd4 Qxc4 17. Nxf5
exf5 18. Rc1 Qe6 19. Ng5 $16 {Sherbakov-Galliamova/Cheliabinsk/1989}) 12. b4
Bb7 13. Ne4 $5 $146 {/\ g4} (13. g4 Nh4 14. Nxh4 Bxh4 15. Ne4 Be7 16. Bg5 $1
O-O 17. Bxe7 Nxe7 18. Qxd4 Ng6 19. f4 Nh4 (19... Qc7 $10 {Grivas-Aseev/
Leningrad/1989}) 20. Bh1 Bxe4 21. Bxe4 Rc8 22. Rac1 f5 23. exf6 Rxf6 24. Qe5
Ng6 $11 {1/2-1/2 Cramling,P-Chiburdanidze,M/Belgrade 1998/CBM 63 ext (34)})
13... d5 (13... O-O 14. g4 d5 (14... Nh4 15. Nxh4 Bxh4 16. Nd6 $16) 15. cxd5 (
15. exd6 $6 Nxd6 16. Nxd6 Qxd6 17. Nxd4 Rfd8 $15) (15. gxf5 $2 dxe4 16. f6 gxf6
17. Bh6 exf3 18. Qxf3 Kh8 19. exf6 Bd6 20. Bxf8 Qxf8 $19 {[%cal Gc6d8]}) 15...
exd5 16. Ned2 (16. Neg5 Nh4 $1 $15) 16... Nh4 17. b5 Na5 18. Nxh4 Bxh4 19. Nf3
Be7 20. Nxd4 $13) (13... Rc8 14. g4 d5 {Same as 13..0-0}) (13... Qc7 14. g4 d5
15. cxd5 exd5 16. Neg5 $44) 14. cxd5 Qxd5 {Black has succeeded to avoid
doubling the pawns, but the Q feels a bit uncomfortable.} (14... exd5 15. Ned2
a6 $1 {Preventing b4-b5, thus making it more difficult for white to win the
pawn back} 16. Nb3 Rc8 (16... O-O 17. g4) 17. Bb2 (17. g4 Nh4 18. Nxh4 Bxh4 19.
Nxd4 Nxd4 20. Qxd4 Rc4 $36) 17... O-O 18. g4 Nh4 19. Nxh4 Bxh4 $13) 15. Re1 {
[%cal Gg2a8]} d3 $5 (15... O-O $142 16. g4 (16. Bb2 d3 (16... Rfd8 17. g4 Nh6 (
17... Ne3 18. fxe3 Qxe4 19. Nxd4 Qxg2+ 20. Kxg2 Nxd4+ 21. e4 $18 (21. Kf1 Nf3)
(21. Kg3 Nf3 {[%cal Ge7h4]})) 18. Nxd4 Qd7 19. Nxc6 Bxc6 20. Qxd7 Bxd7 21. Rac1
$16) 17. g4 Nh6 18. Re3 Rfd8 $13) 16... Ne3 $5 (16... Nh4 17. Nxh4 Bxh4 18.
Nf6+ $18) (16... Nh6 17. Bxh6 gxh6 18. Qd2 $16) 17. fxe3 Qxe4 18. Nxd4 (18.
exd4 Qd5 19. Be3 $132) 18... Qxe5 {[%cal Ge5a1]} 19. Bb2 Bg5 $16) 16. Bb2 O-O-O
$2 {A typical kamikaze move} (16... O-O $142 {-see annotations to black's
previous move}) 17. g4 Nh6 18. Nfd2 {[%cal Ge4d6]} Qb5 $4 {Loses at once} (
18... Qd7 $8 19. Nc4 Kb8 20. Ned6 $16) (18... Nxe5 19. Nd6+ $1 Qxd6 20. Bxe5
$18 {[%cal Ga1c1]}) 19. Nc3 (19. Nc3 Qa6 20. b5 $18) 1-0